Kibitzers and fools : (Record no. 267874)
[ view plain ]
| 000 -LEADER | |
|---|---|
| fixed length control field | 02266nam a2200517 a 4500 |
| 001 - CONTROL NUMBER | |
| control field | ocm57675754 |
| 003 - CONTROL NUMBER IDENTIFIER | |
| control field | OCoLC |
| 005 - DATE AND TIME OF LATEST TRANSACTION | |
| control field | 20200320182639.0 |
| 008 - FIXED-LENGTH DATA ELEMENTS--GENERAL INFORMATION | |
| fixed length control field | 050209s2005 nyua j 000 0 eng |
| 010 ## - LIBRARY OF CONGRESS CONTROL NUMBER | |
| LC control number | 2005003859 |
| 020 ## - INTERNATIONAL STANDARD BOOK NUMBER | |
| International Standard Book Number | 0670059552 (hardcover) : |
| Terms of availability | $16.99 |
| 020 ## - INTERNATIONAL STANDARD BOOK NUMBER | |
| International Standard Book Number | 9780670059553 (hardcover) |
| 029 1# - (OCLC) | |
| OCLC library identifier | NZ1 |
| System control number | 9159412 |
| 029 1# - (OCLC) | |
| OCLC library identifier | AU@ |
| System control number | 000026730049 |
| 035 ## - SYSTEM CONTROL NUMBER | |
| System control number | (OCoLC)57675754 |
| 037 ## - SOURCE OF ACQUISITION | |
| Source of stock number/acquisition | Junior Library Guild |
| Note | http://www.juniorlibraryguild.com |
| 040 ## - CATALOGING SOURCE | |
| Original cataloging agency | DLC |
| Transcribing agency | DLC |
| Modifying agency | BAKER |
| -- | TEF |
| -- | XY4 |
| -- | VP@ |
| -- | EHH |
| -- | BTCTA |
| -- | NPL |
| -- | YDXCP |
| -- | WACOL |
| 042 ## - AUTHENTICATION CODE | |
| Authentication code | lcac |
| 043 ## - GEOGRAPHIC AREA CODE | |
| Geographic area code | ee----- |
| 049 ## - LOCAL HOLDINGS (OCLC) | |
| Holding library | WACL |
| 050 00 - LIBRARY OF CONGRESS CALL NUMBER | |
| Classification number | PZ8.1.T124 |
| Item number | Kib 2005 |
| 082 00 - DEWEY DECIMAL CLASSIFICATION NUMBER | |
| Classification number | 398.2/089/924 |
| -- | E |
| Edition number | 22 |
| 092 ## - LOCALLY ASSIGNED DEWEY CALL NUMBER (OCLC) | |
| Classification number | childrens |
| Item number | Tab |
| 100 1# - MAIN ENTRY--PERSONAL NAME | |
| Personal name | Taback, Simms. |
| 9 (RLIN) | 1844 |
| 245 10 - TITLE STATEMENT | |
| Title | Kibitzers and fools : |
| Remainder of title | tales my zayda (grandfather) told me / |
| Statement of responsibility, etc | Simms Taback. |
| 260 ## - PUBLICATION, DISTRIBUTION, ETC. (IMPRINT) | |
| Place of publication, distribution, etc | New York : |
| Name of publisher, distributor, etc | Viking, |
| Date of publication, distribution, etc | 2005. |
| 300 ## - PHYSICAL DESCRIPTION | |
| Extent | 1 v. (unpaged) : |
| Other physical details | col. ill. ; |
| Dimensions | 29 cm. |
| 586 8# - AWARDS NOTE | |
| Awards note | A Junior Library Guild selection. |
| 521 8# - TARGET AUDIENCE NOTE | |
| Target audience note | Ages 6 up. |
| 520 ## - SUMMARY, ETC. | |
| Summary, etc | Thirteen brief, illustrated, traditional Jewish tales, each accompanied by an appropriate saying. |
| 505 0# - FORMATTED CONTENTS NOTE | |
| Formatted contents note | The sign -- A made-to-order suit -- Chicken soup -- A philosophical dispute -- The umbrella -- An important question -- A shlemiel and a shlimazel -- Brothers -- A case of mistaken identity -- The caretaker -- The restaurant -- If I were a rich man -- The rabbi is so smart, or, How Chelm got bigger. |
| 526 0# - STUDY PROGRAM INFORMATION NOTE | |
| Program name | Accelerated Reader/Renaissance Learning |
| Interest level | LG |
| Reading level | 3.6 |
| Title point value | 0.5 |
| 521 ## - TARGET AUDIENCE NOTE | |
| Target audience note | childrens |
| Source | junior library guild |
| 650 #0 - SUBJECT ADDED ENTRY--TOPICAL TERM | |
| Topical term or geographic name as entry element | Jews |
| Geographic subdivision | Europe, Eastern |
| Form subdivision | Folklore. |
| 9 (RLIN) | 5845096 |
| 650 #0 - SUBJECT ADDED ENTRY--TOPICAL TERM | |
| Topical term or geographic name as entry element | Tales |
| Geographic subdivision | Europe, Eastern. |
| 9 (RLIN) | 5845097 |
| 650 #1 - SUBJECT ADDED ENTRY--TOPICAL TERM | |
| Topical term or geographic name as entry element | Jews |
| Form subdivision | Folklore. |
| 9 (RLIN) | 5768823 |
| 650 #1 - SUBJECT ADDED ENTRY--TOPICAL TERM | |
| Topical term or geographic name as entry element | Folklore |
| Geographic subdivision | Europe, Eastern. |
| 9 (RLIN) | 5845098 |
| 856 41 - ELECTRONIC LOCATION AND ACCESS | |
| Materials specified | Table of contents |
| Uniform Resource Identifier | <a href="http://www.loc.gov/catdir/toc/ecip057/2005003859.html">http://www.loc.gov/catdir/toc/ecip057/2005003859.html</a> |
| 938 ## - | |
| -- | Baker & Taylor |
| -- | BKTY |
| -- | 16.99 |
| -- | 16.99 |
| -- | 0670059552 |
| -- | 0006274732 |
| -- | active |
| 938 ## - | |
| -- | Baker and Taylor |
| -- | BTCP |
| -- | 2005003859 |
| -- | $16.99 |
| 938 ## - | |
| -- | YBP Library Services |
| -- | YANK |
| -- | 2376169 |
| 942 ## - ADDED ENTRY ELEMENTS (KOHA) | |
| Koha item type | BOOK |
| 948 ## - LOCAL PROCESSING INFORMATION (OCLC); SERIES PART DESIGNATOR (RLIN) | |
| Series part designator, SPT (RLIN) | 07/19/2008 |
| z (OCLC) | Sirsi |
| 994 ## - | |
| -- | 02 |
| -- | WACOL |
| 996 ## - | |
| -- | 64652 |
| -- | 34301000741936 |
| -- | E |
| -- | bk |
| -- | wcl |
| -- | i |
| -- | 26 |
| -- | 16.99 |
| -- | junior library guild |
| -- | Tab |
| -- | 08/22/2008 |
| -- | 11/01/2018 |
| -- | 10/27/2018 |
| Withdrawn status | Lost status | Source of classification or shelving scheme | Damaged status | Not for loan | Collection code | Home library | Current library | Shelving location | Date acquired | Total Checkouts | Total Renewals | Full call number | Barcode | Date last seen | Date checked out | Cost, replacement price | Price effective from | Koha item type |
|---|---|---|---|---|---|---|---|---|---|---|---|---|---|---|---|---|---|---|
| Dewey Decimal Classification | Children NonFiction | Wasatch County Library | Wasatch County Library | Main Floor Childrens Area | 08/22/2008 | 34 | 5 | E Tales Folk Tales Taback | 34301002180216 | 02/26/2026 | 02/21/2026 | 16.99 | 03/20/2020 | BOOK |
